<The> structural budget balance <the> IMF's methodology

Enregistré dans:
Détails bibliographiques
Auteur principal: Hagemann, Robert
Format: Livre
Langue:anglais
Publié: Washington IMF 1999
Collection:IMF working paper W/99/95
Sujets:
Tags: Ajouter un tag
Pas de tags, Soyez le premier à ajouter un tag!

MARC

LEADER 00000nam a2200000 4500
001 c116292
005 20221221083708.8
041 0 |a eng 
044 |a US 
245 1 0 |a <The> structural budget balance  |b <the> IMF's methodology  |c Prepared by Robert Hagemann 
264 1 |a Washington  |b IMF  |c 1999 
300 |a 14 s. 
490 1 |a IMF working paper  |v W/99/95 
830 0 |a IMF working paper  |v W/99/95 
610 2 0 |a bilancia štruktúrna 
610 2 0 |a rozpočty 
610 2 0 |a politika fiškálna 
610 2 0 |a cykly hospodárske 
610 2 0 |a bilancia finančná 
610 2 0 |a Medzinárodný menový fond 
100 1 |a Hagemann, Robert